| 000 | 00564nam a2200193Ia 4500 | ||
|---|---|---|---|
| 005 | 20260429112038.0 | ||
| 008 | 260429s9999||||xx |||||||||||||| ||und|| | ||
| 020 | _a9781806960422 | ||
| 041 | _aEnglish | ||
| 082 |
_a910.285 _bCAM |
||
| 100 | _aCampbell, Michael E. | ||
| 245 | 0 |
_aRemote sensing and geographic information systems / _cMichael E. Campbell |
|
| 260 |
_aLondon : _bRadiant Pages, _c2026. |
||
| 300 | _ax, 286 p.; hb | ||
| 650 | _a Geographic information systems | ||
| 650 | _a Spatial data analysis | ||
| 650 | _aRemote sensing | ||
| 942 | _cTB | ||
| 999 |
_c52061 _d52061 |
||